01260nab a22002537a 4500003000400000005001700004008004100021040000700062100002800069245015000097260004200247300001200289500003700301505031200338505008900650650002000739650002400759650001200783650003100795650001700826650002500843650002400868773011400892OSt20260209100316.0190506c xxu||||| |||| 00| 0 spa d cPJ aPadin, María Gabriela13aLa aplicación temporal de la reforma laboral (ley 27.742) :banálisis de posturas doctrinarias y jurisprudenciales /cMaría Gabriela Padin. aBuenos Aires :bAbeledoPerrot,c2025. ap. 9-15 aCita: TR LALEY AR/DOC/151/2025.  aSumario: I. Introducción.— II. Vigencia: implicancias y alcance.— III. Indemnizaciones agravadas derogadas y su impacto en la aplicación temporal de la reforma. Posturas en la jurisprudencia y en la doctrina.— IV. Retroactividad - Irretroactividad - Ultraactividad: posiciones.— V. Conclusiones. t¿Te interesa el texto completo? Comunicate al correo: koha@justierradelfuego.gov.ar 0aDERECHO LABORAL 0aCONTRATO DE TRABAJO 0aDESPIDO 0aLEY DE CONTRATO DE TRABAJO 0aREMUNERACION 0aRELACIONES LABORALES 0aCONTRATO DE TRABAJO0 02751dBuenos Aires : AbeledoPerrot, 2013-tRevista de derecho laboral y seguridad social. Nº 5 - Marzo 2025